Proyecto de ley. Ley de biodiversidad /

Gardado en:
Detalles Bibliográficos
Autor Principal: Martinez Ramirez, Luis Antonio
Autores Corporativos: Costa Rica. Asamblea Legislativa, UICN Programa de vida silvestre para Centroamérica Oficina regional para Mesoamérica ORMA
Formato: Texto
Publicado: San José: UICN
Etiquetas: Engadir etiqueta
Sen Etiquetas, Sexa o primeiro en etiquetar este rexistro!

MARC

LEADER 00000 a a2200000 04500
001 22815
003
040
090 |a 157100  
100 |a Martinez Ramirez, Luis Antonio  
110 |a Costa Rica. Asamblea Legislativa  
245 |a Proyecto de ley. Ley de biodiversidad /  |c Costa Rica. Asamblea Legislativa  
260 |a San José:   |b UICN  
300 |a 73 p.  
710 |a UICN   |a Programa de vida silvestre para Centroamérica   |a Oficina regional para Mesoamérica   |a ORMA  
999 |c 12096  |d 12096